000 00814nam a2200229 a 4500
001 000023489
005 20200930022244.0
008 101209s1978 mx r 000 | spa d
040 _aDO-SdBNP
_bspa
_cBNPHU
082 _a309.173
_bH521c
100 1 _aHenry, Jules,
_d1904-1969
_948397
245 1 3 _aLa cultura contra el hombre /
_cJules Henry ; traducción de Francisco González Aramburu.
250 _a4a ed.
260 _aMexico D. F. :
_bSiglo veintiuno Editores,
_c1978.
300 _aix, 437 p. ;
_c22 cm.
500 _aIncluye notas al pie de página
651 4 _aEstados Unidos
_xCondiciones Sociales
_912474
651 4 _aEstados Unidos
_xCaracterísticas Nacionales
_946144
650 4 _aEstados unidos
_xCivilización
_948398
700 1 _aGonzález Aramburu, Francisco,
_etr.
_948399
049 _aBNGR
999 _c22985
_d22985